000 00608nam a2200229Ia 4500
003 OSt
005 20221006164602.0
006 a|||||r|||| 00| 0
007 ta
008 221006b |||||||| |||| 00| 0 hin d
024 _a5,134
037 _cTextual
040 _aFML
_cFML
_bhin
041 _2hin
_ahin
082 _aNRwN14, P2 -; 1
100 _aDutt Sharad Au.
_9677830
245 0 _aRitu Aaye Ritu Jaye
260 _aHyderabad
_bSharansh Prakashan India
_c2002
300 _a356
_ccm.
942 _hNRwN14, P2 -; 1
_cTEXL
_2CC
999 _c1117755
_d1117755